000 00414nam a22001577a 4500
003 OSt
005 20251206123817.0
008 251206b |||||||| |||| 00| 0 eng d
020 _a978-81-927426-3-2
040 _cIIMT UNIVERSITY
100 _aMISHRA, V. & PANDEY, P.K
245 _aCOMPUTER FUNDAMENTAL & OFFICE AUTOMATION
260 _aPRAYAGRAJ
_bTBALAJI PUBLICATION
_c2021
300 _a280
942 _2ddc
_c01
999 _c66813
_d66813